<?xml version="1.0" encoding="UTF-8"?>
<marc:record xmlns:marc="http://www.loc.gov/MARC21/slim">
   <marc:leader>00000nam a2200000 a 4500</marc:leader>
   <marc:datafield ind1="1" ind2=" " tag="100">
      <marc:subfield code="a">Rygiert, Beate</marc:subfield>
      <marc:subfield code="4">aut</marc:subfield>
      <marc:subfield code="e">Verfasser/-in</marc:subfield>
   </marc:datafield>
   <marc:datafield ind1="0" ind2="0" tag="245">
      <marc:subfield code="a">George Sand und die Sprache der Liebe</marc:subfield>
   </marc:datafield>
   <marc:datafield ind1="0" ind2="0" tag="245">
      <marc:subfield code="b">Roman</marc:subfield>
   </marc:datafield>
   <marc:datafield ind1="0" ind2="0" tag="245">
      <marc:subfield code="c">Beate Rygiert</marc:subfield>
   </marc:datafield>
   <marc:datafield ind1=" " ind2="1" tag="264">
      <marc:subfield code="a">Berlin</marc:subfield>
      <marc:subfield code="b">Aufbau-Taschenbuch-Verl.</marc:subfield>
      <marc:subfield code="c">2019</marc:subfield>
   </marc:datafield>
   <marc:datafield ind1=" " ind2=" " tag="250">
      <marc:subfield code="a">1</marc:subfield>
   </marc:datafield>
   <marc:datafield ind1="1" ind2=" " tag="520">
      <marc:subfield code="a">Paris, 1831: Aurore Dudevant ist 27, als sie nach Paris kommt, um hier, in der pulsierenden Metropole, den Neuanfang zu wagen. Weit weg von ihrem deutlich älteren Mann, fern der Zwänge ihrer adeligen Herkunft und unglücklichen Ehe. Ihre Leidenschaft sind die Worte, ihnen wird sie von nun an ihr Leben widmen auf der Suche nach der Sprache der Liebe. Tagsüber arbeitet sie als Journalistin, nachts schreibt sie wie besessen an ihren Romanen, die unter dem Pseudonym George Sand schon bald für Aufsehen sorgen. Doch selbst im fortschrittlichen Paris stößt sie als Künstlerin, aber auch als berufstätige Frau und Mutter auf Vorurteile. Und so beschließt sie, sich von nun an nur noch George zu nennen. Als George Sand bricht sie Tabus, ob in ihren Büchern, in denen sie für die leidenschaftliche Liebe eintritt und sich heftig gegen die Einengung durch die Institution der Ehe ausspricht, oder in ihrem Privatleben, wenn sie in einer Zeit, als für Frauen Ehebruch noch unter Strafe steht, ihre Beziehungen öffentlich macht. In ihrem künstlerischen Salon begegnen sich Geistesgrößen wie Balzac, Dumas, Delacroix, Heine und Liszt. Doch es sind zwei Ausnahme-Künstler, die ihr Herz in seinen Grundfesten erschüttern werden: der Dichter Alfred de Musset und schließlich der Komponist Frédéric Chopin.</marc:subfield>
   </marc:datafield>
   <marc:datafield ind1=" " ind2=" " tag="020">
      <marc:subfield code="a">9783746636238</marc:subfield>
      <marc:subfield code="9">9783746636238</marc:subfield>
   </marc:datafield>
   <marc:datafield ind1=" " ind2=" " tag="020">
      <marc:subfield code="a">374663623X</marc:subfield>
      <marc:subfield code="9">374663623X</marc:subfield>
   </marc:datafield>
   <marc:datafield ind1=" " ind2=" " tag="300">
      <marc:subfield code="a">391 S.</marc:subfield>
   </marc:datafield>
</marc:record>
